विकसित और विकासशील राष्ट्रों का अध्ययन / (Record no. 15109)
[ view plain ]
| 000 -LEADER | |
|---|---|
| fixed length control field | 01301nam a22002537a 4500 |
| 005 - DATE AND TIME OF LATEST TRANSACTION | |
| control field | 20080826145814.0 |
| 008 - FIXED-LENGTH DATA ELEMENTS--GENERAL INFORMATION | |
| fixed length control field | 080826t xxu||||| |||| 00| 0 hin d |
| 010 ## - LIBRARY OF CONGRESS CONTROL NUMBER | |
| LC control number | HIN-84089 |
| 020 ## - INTERNATIONAL STANDARD BOOK NUMBER | |
| Terms of availability | 200.00 |
| 035 ## - SYSTEM CONTROL NUMBER | |
| System control number | HN-56435 |
| 037 ## - SOURCE OF ACQUISITION | |
| Stock number | DBAD / PUB |
| 040 ## - CATALOGING SOURCE | |
| Original cataloging agency | DPL |
| Language of cataloging | HN |
| 082 ## - DEWEY DECIMAL CLASSIFICATION NUMBER | |
| Classification number | 338.9091722 |
| 100 ## - MAIN ENTRY--PERSONAL NAME | |
| Personal name | वर्मा, वीनस |
| 245 ## - TITLE STATEMENT | |
| Title | विकसित और विकासशील राष्ट्रों का अध्ययन / |
| Statement of responsibility, etc | वीनस वर्मा |
| 246 ## - VARYING FORM OF TITLE | |
| Title proper/short title | Vikasita aur vikaasashiila rashtron kaa adhyayana |
| Remainder of title | by Venus Verma |
| 260 ## - PUBLICATION, DISTRIBUTION, ETC. (IMPRINT) | |
| Place of publication, distribution, etc | वाराणसी |
| Name of publisher, distributor, etc | विजय प्रकाशन मंदिर |
| Date of publication, distribution, etc | 2005 |
| 270 ## - ADDRESS | |
| Address | सीक 15/53, सुड़िया |
| City | वाराणसी |
| Postal code | 221001 |
| Telephone number | 0542 2334636 |
| 300 ## - PHYSICAL DESCRIPTION | |
| Extent | 113पृ |
| Dimensions | 22सेमी (सजिल्द) |
| Other physical details | सचित्र |
| 650 ## - SUBJECT ADDED ENTRY--TOPICAL TERM | |
| Topical term or geographic name as entry element | आर्थिक स्थिति |
| General subdivision | विकासशील राष्ट्र |
| 650 ## - SUBJECT ADDED ENTRY--TOPICAL TERM | |
| Topical term or geographic name as entry element | Economic condition |
| General subdivision | Developing countries |
| 942 ## - ADDED ENTRY ELEMENTS (KOHA) | |
| Source of classification or shelving scheme | Dewey Decimal Classification |
| Koha item type | Hindi Books |
| Call number suffix | वर्मावी |
| Classification part | 338.9091722 |
| Withdrawn status | Lost status | Damaged status | Not for loan | Collection code | Home library | Current library | Date acquired | Source of acquisition | Cost, normal purchase price | Total Checkouts | Full call number | Barcode | Date last seen | Copy number | Cost, replacement price | Price effective from | Koha item type |
|---|---|---|---|---|---|---|---|---|---|---|---|---|---|---|---|---|---|
| Not For Loan | Non-fiction | D.B.Act.Division | D.B.Act.Division | 26/08/2008 | DBAD / PUB | 200.00 | 338.9091722 वर्मावी | HN-56435 | 15/09/2008 | 1 | 200.00 | 15/09/2008 | Hindi Books |
